00761nam a2200193 i 450000100060000000300090000600500170001500700030003200800410003510000280007624501680010426000450027230000220031770000250033970000320036485200320039699900170042895201220044575795ES-MaACL20230906172613.0t|040927s1967 sp ||||1| spa d1 aGuarnero, Luisa.96034514aUna vida para amar b: lo que una joven esposa del siglo XX debe saber / cLuisa Guarnero ; versión revisada por Eliseo Cots ; ilustraciones, José Luis Florit. aBarcelona : bEugenio Subirana, c[1967] a217 p. ; c21 cm.1 aCots, Eliseo.9411821 aFlorit, José Luis.951349 aES-MaACLjC-34119 bR.64692 c75795d75795 00104070aATENEOMbATENEOMcDEPO2d2008-01-17eSCl0oC-34119p1079333r2023-02-23 00:00:00w2023-02-23yMONOGRAFIA